Horror Movie Franchises #1: Halloween - Statistics

General Stats
  • This quiz has been taken 155 times
    150 since last reset
  • The average score is 8 of 13
Answer Stats
Movie % Correct
Halloween
100%
Halloween (2007 Remake)
100%
Halloween (2018 Sequel)
100%
Halloween Ends
69%
Halloween Kills
67%
Halloween II
64%
Halloween II (2009 Sequel to the Remake)
64%
Halloween: Resurrection
45%
Halloween III: Season of the Witch
44%
Halloween: The Curse of Michael Myers
36%
Halloween 4: The Return of Michael Myers
32%
Halloween 5: The Revenge of Michael Myers
31%
Halloween H20: 20 Years Later
31%
No matching quizzes found
Score Distribution
Percent of People with Each Score
Percentile by Number Answered
Your Score History
You have not taken this quiz since the last reset